00591nam a2200181Ia 4500003000400000005001700004008004100021040001800062041000800080100005600088110002400144245002800168260002000196710004200216942001300258999001900271952011900290OSt20260303155533.0211028s2005 xx 000 0 und d cAIMIT LIBRARY aeng aThomas, Nishant George;Anand, Ambika.g29976092440 aAnand, Ambika92441 aRepository management / aBangalorec2005 aHewlett Packard Global Soft LTD92442 2ddccPRO c216898d216898 00102ddc40718PR_MCAaAIMITbAIMITd2021-10-28eMCAl0pPRC00115r2021-10-28 00:00:00t0299760w2021-10-28yPRO